00400 a2200121 4500020001800000050002100018100002500039245007500064264003500139300001700174500005000191650003700241 a9780340927410 aHD 2346 DEE 2006 aDeeks, Saraheauthor aUnderstanding tax for small business :b teach yourself /cSarah Deeks aU.K. ;bHodder Headline,c2006 a310p.:bill. aIncludes bibliographical references and index aDealing with tax and liabilities